| Tag |
First Indicator |
Second Indicator |
Subfields |
| LEADER |
00000cam a2200000 4500 |
| 001 |
in00000064565 |
| 005 |
20151007083322.0 |
| 008 |
750826s1950 iau 00100 eng |
| 010 |
|
|
|a 51005844
|
| 035 |
|
|
|a (OCoLC)01573734
|
| 035 |
|
|
|9 AAF9188AM
|
| 040 |
|
|
|a DLC
|c FBA
|d TXA
|d UtOrBLW
|
| 049 |
|
|
|a TXAM
|c [199902]
|
| 050 |
0 |
0 |
|a HF5386
|b .B276
|
| 082 |
0 |
|
|a 174.4
|
| 092 |
|
|
|a 174.4
|b B347r
|
| 100 |
1 |
|
|a Baum, Maurice.
|
| 245 |
1 |
0 |
|a Readings in business ethics ;
|b a survey of the principles and problems of American business morality.
|
| 264 |
|
1 |
|a Dubuque :
|b W.C. Brown Co.,
|c [1950]
|
| 264 |
|
4 |
|c [©1950]
|
| 300 |
|
|
|a 209 pages :
|b illustrations ;
|c 28 cm.
|
| 336 |
|
|
|a text
|b txt
|2 rdacontent
|
| 337 |
|
|
|a unmediated
|b n
|2 rdamedia
|
| 338 |
|
|
|a volume
|b nc
|2 rdacarrier
|
| 650 |
|
0 |
|a Business ethics.
|
| 999 |
|
|
|a MARS
|
| 999 |
f |
f |
|s 3602ba6b-1abf-384d-9326-f788470ad6f6
|i d2fff7f4-248a-3398-84b3-e8b73dd4066b
|t 0
|
| 952 |
f |
f |
|p ric
|a Texas A&M University
|b Rellis Campus
|c Joint Library Facility
|d Remote Storage
|t 0
|e HF5386 .B276
|h Library of Congress classification
|i unmediated -- volume
|m A14800536105
|
| 998 |
f |
f |
|a HF5386 .B276
|t 0
|l Remote Storage
|